000 00481nam a2200157Ia 4500
008 220216s9999 xx 000 0 und d
100 _aMathew G
245 0 _aStudies on a new binary accelerator system for the sulfur vulcanization of styrene-butadiene rubber
260 _bRubber Chemistry and Technology
_c1992
300 _a277-292
650 _aStyrene-butadiene rubber
650 _aSulfur vulcanization
700 _aKuriakose A P
700 _aPillai P V
942 _cJS
999 _c69537
_d69537